000 01085nam a22003257a 4500
003 OSt
005 20260508105250.0
008 260508b |||||||| |||| 00| 0 aze d
020 _a9789952815498
040 _aAZ-XaKU
_baze
_cAZ-XaKU
041 0 _aaze
050 1 4 _aML410 .H1277 .V238 2014
100 1 _aVəliyev, Məhəmməd,
_emüəllif.
_cprofessor,
_d1942 - 2014 ,
245 1 _aİsmayıl Hacıbəyovun Vokal və İnstrumental yaradıcılığı
_c/ Məhəmməd Əliyev
264 _aBakı:
_bElm-Təhsil,
_c2014.
300 _a99 səhifə ;
_bşəkilli ;
_c21 sm.
336 _atext
_btxt
_2rdacontent
337 _aunmediated
_bn
_2rdamedia
338 _avolume
_bnc
_2rdacarrier
504 _aBiblioqrafiya: səh.93-97
521 _aÜmumi oxucu kütləsi
546 _aaze
600 _2AZ-XaKU
_aHacıbəyov, İsmayıl,
_d1949 - 2006.
650 7 _2AZ-XaKU
_aAzərbaycan musiqisi
700 1 _aRəhimova, Aytac,
_eredaktor.
700 1 _aAbdullazadə, Gülnaz,
_erəyçi.
700 1 _aAxundova, Yeganə,
_erəyçi.
942 _cBOOK
999 _c397
_d397